| 000 | 00721nam a2200253Ia 4500 | ||
|---|---|---|---|
| 003 | OSt | ||
| 005 | 20240813105054.0 | ||
| 008 | 210210b2012 xxu||||| |||| 00| 0 eng d | ||
| 020 | _a9788187445906 | ||
| 040 | _cAL | ||
| 041 | _aHindi | ||
| 082 | _aH891.8 SHUB | ||
| 100 |
_aSHUKLA (Manju) _dमंजू शुक्ला _9176841 |
||
| 245 |
_aBharatiy sabhyata aur samskrati _bभारतीय सब्यता और संस्कृति |
||
| 260 |
_aJaipur _b- _c2012 |
||
| 300 | _avi,250 | ||
| 650 |
_asamskrati _9176842 |
||
| 650 |
_asabhyata _9176843 |
||
| 650 |
_aBharatiy _9176844 |
||
| 650 |
_aaur _9176845 |
||
| 690 |
_aHindi Miscellaneous _9176846 |
||
| 906 | _a069957 | ||
| 942 |
_2ddc _cBK |
||
| 999 |
_c119618 _d119618 |
||